Basic science in obstetrics and gynaecology : (Record no. 99029)
[ view plain ]
| 000 -LEADER | |
|---|---|
| fixed length control field | 01852nam a22003617a 4500 |
| 003 - CONTROL NUMBER IDENTIFIER | |
| control field | URS |
| 005 - DATE AND TIME OF LATEST TRANSACTION | |
| control field | 20260314121257.0 |
| 008 - FIXED-LENGTH DATA ELEMENTS--GENERAL INFORMATION | |
| fixed length control field | 260314b |||||||| |||| 00| 0 eng d |
| 020 ## - INTERNATIONAL STANDARD BOOK NUMBER | |
| International Standard Book Number | 978-0-70207-422-6 |
| 040 ## - CATALOGING SOURCE | |
| Transcribing agency | URS |
| Language of cataloging | English |
| Description conventions | rda |
| 050 00 - LIBRARY OF CONGRESS CALL NUMBER | |
| Classification number | R129 |
| Item number | .B2921b 2010 |
| 082 00 - DEWEY DECIMAL CLASSIFICATION NUMBER | |
| Classification number | 618 |
| 245 00 - TITLE STATEMENT | |
| Title | Basic science in obstetrics and gynaecology : |
| Remainder of title | a textbook for MRCOG Part I / |
| Statement of responsibility, etc | Phillip Bennett BSc PhD MD FRCOG...[and four others}. |
| 250 ## - EDITION STATEMENT | |
| Edition statement | 5th edition. |
| 264 ## - PUBLICATION, DISTRIBUTION, ETC. (IMPRINT) | |
| Place of publication, distribution, etc | New York : |
| -- | Edinburgh ; |
| Name of publisher, distributor, etc | Churchill Livingstone, |
| Date of publication, distribution, etc | ©2024. |
| 300 ## - PHYSICAL DESCRIPTION | |
| Extent | 400 pages : |
| Other physical details | illustrations ; |
| Dimensions | 25 cm. |
| 336 ## - CONTENT TYPE | |
| Content type term | text |
| Content type code | txt |
| Source | rdacontent |
| 337 ## - MEDIA TYPE | |
| Media type term | unmediated |
| Media type code | n |
| Source | rdamedia |
| 338 ## - CARRIER TYPE | |
| Carrier type term | volume |
| Carrier type code | nc |
| Source | rdacarrier |
| 504 ## - BIBLIOGRAPHY, ETC. NOTE | |
| Bibliography, etc | Includes bibliographical references and index. |
| 505 0# - FORMATTED CONTENTS NOTE | |
| Formatted contents note | Structure and function of the genome / Peter Dixon -- Clinical genetics / Dorothy Trump -- Embryology / Kate Hardy -- Fetal and placental physiology / Sailesh Kumar -- Applied anatomy / Sarah Paterson-Brown -- Pathology / Neil Sebire -- Microbiology and virology / Geoffrey Ridgway & Paul Taylor -- Immunology / Andrew George -- Biochemistry / Fiona Lyall -- Physiology / David Williams, Anna Kenyon & Dawn Adamson -- Endocrinology / Mark Johnson -- Drugs and drug therapy / Hassan Shehata -- Physics / David Talbot -- Statistics and evidence-based health care / Louise Brown -- Clinical research methodology / Andrew Shennan & Annette Briley -- Multiple choice questions. |
| 650 #0 - SUBJECT ADDED ENTRY--TOPICAL TERM | |
| Topical term or geographic name as entry element | Medical sciences. |
| 650 #0 - SUBJECT ADDED ENTRY--TOPICAL TERM | |
| Topical term or geographic name as entry element | Obstetrics. |
| 650 #0 - SUBJECT ADDED ENTRY--TOPICAL TERM | |
| Topical term or geographic name as entry element | Gynecology. |
| 650 #2 - SUBJECT ADDED ENTRY--TOPICAL TERM | |
| Topical term or geographic name as entry element | Obstetrics. |
| 650 #2 - SUBJECT ADDED ENTRY--TOPICAL TERM | |
| Topical term or geographic name as entry element | Gynecology. |
| 700 1# - ADDED ENTRY--PERSONAL NAME | |
| Personal name | Bennett, Phillip. |
| Dates associated with a name | |
| Relator term | author. |
| 700 1# - ADDED ENTRY--PERSONAL NAME | |
| Personal name | Williamson, Catherine, |
| Titles and other words associated with a name | MD. |
| 700 ## - ADDED ENTRY--PERSONAL NAME | |
| Personal name | Sykes, Lynne, |
| Relator term | author. |
| 9 (RLIN) | 6695 |
| 700 ## - ADDED ENTRY--PERSONAL NAME | |
| Personal name | MacIntyre, David A., |
| Relator term | author. |
| 9 (RLIN) | 6694 |
| 700 ## - ADDED ENTRY--PERSONAL NAME | |
| Personal name | Dixon, Peter H., |
| Relator term | author. |
| 9 (RLIN) | 6693 |
| 942 ## - ADDED ENTRY ELEMENTS (KOHA) | |
| Source of classification or shelving scheme | Library of Congress Classification |
| Koha item type | Reserved Books |
| Withdrawn status | Lost status | Source of classification or shelving scheme | Damaged status | Not for loan | Collection code | Home library | Current library | Shelving location | Date acquired | Source of acquisition | Cost, normal purchase price | Total Checkouts | Full call number | Barcode | Date last seen | Copy number | Cost, replacement price | Price effective from | Koha item type |
|---|---|---|---|---|---|---|---|---|---|---|---|---|---|---|---|---|---|---|---|
| Library of Congress Classification | Non-fiction | Taytay College Library | Taytay College Library | Medicine Collection | 03/14/2026 | Purchased | 6280.00 | R129 .B2921b 2010 | URSTAY-6029 | 03/14/2026 | 1 | 6280.00 | 03/14/2026 | Reserved Books |